000 00600nam a2200181Ia 4500
008 151202s9999||||xx |||||||||||||| ||und||
082 _bPNVM-67453
100 _aभोगले प्रभाकर.
245 _aमाझी कहाणी.
260 _b"पारस पब्लिकेशन्स, कोल्हापूर."
260 _c67453
300 _a272
600 _aभोगले प्रभाकर.
630 _aमाझी कहाणी.
700 _aभोगले प्रभाकर.
730 _aमाझी कहाणी.
942 _cBOOK
999 _c1333982
_d1333979